00506nam a2200193 a 4500001001300000003000900013005001700022008004100039020002400080082001500104100002000119245001700139260005300156300001000209500003500219505001500254650002300269700002000292nice12345678IN_TiNIC20260116014341.0131113s2010 newa grp 000 0 eng  a9788131308899c149500a333.3bPIL aPillai, K Raman aLand Reforms aNew Delhi bA.P.H. Publishing Corporation c2010 a327p  aincludes index and biblioraphy2 aAppendices aLand Reforms-India1 aPillai, K Raman